Hortus Malabaricus V 11 (Record no. 346757)
[ view plain ]
| 000 -LEADER | |
|---|---|
| fixed length control field | 002920000a22001210004500 |
| 060 ## - NATIONAL LIBRARY OF MEDICINE CALL NUMBER | |
| Classification number | 100 |
| 082 ## - DEWEY DECIMAL CLASSIFICATION NUMBER | |
| Classification number | 581.012095483 TOT.11 |
| 100 ## - MAIN ENTRY--PERSONAL NAME | |
| Personal name | Henricum, von rhede |
| 100 ## - MAIN ENTRY--PERSONAL NAME | |
| Personal name | Tot, Drakestein |
| 245 ## - TITLE STATEMENT | |
| Title | Hortus Malabaricus V 11 |
| 260 ## - PUBLICATION, DISTRIBUTION, ETC. (IMPRINT) | |
| Place of publication, distribution, etc. | Amsterdam, Henrici & Theodori Boom |
| 942 ## - ADDED ENTRY ELEMENTS (KOHA) | |
| Koha item type | Books (General) |
| Withdrawn status | Lost status | Damaged status | Not for loan | Home library | Current library | Date acquired | Total Checkouts | Full call number | Barcode | Date last seen | Price effective from | Koha item type |
|---|---|---|---|---|---|---|---|---|---|---|---|---|
| College of Agriculture, Vellayani | College of Agriculture, Vellayani | 02/05/2014 | 581.012095483 TOT.11 | KAU_COAV-22659 | 02/05/2014 | 02/05/2014 | Books (General) |
